UM Logo

Happy fish in little ponds : (Record no. 20938)

MARC details
000 -LEADER
fixed length control field 00961nam a22002057a 4500
005 - DATE AND TIME OF LATEST TRANSACTION
control field 20250205204741.0
008 - FIXED-LENGTH DATA ELEMENTS--GENERAL INFORMATION
fixed length control field 240827b ||||| |||| 00| 0 eng d
082 ## - DEWEY DECIMAL CLASSIFICATION NUMBER
Classification number DPer 155.205 J826 July-September 2019 v. 117 n. 1-3
100 ## - MAIN ENTRY--PERSONAL NAME
Personal name Pekrun, Reinhard.
Relator term author.
9 (RLIN) 59089
245 ## - TITLE STATEMENT
Title Happy fish in little ponds :
Remainder of title testing a reference group model of achievement and emotion /
Statement of responsibility, etc. Reinhard Pekrun, Herbert W. Marsh, Kou Murayama, Thomas Goetz, and Anne C. Frenzel.
260 ## - PUBLICATION, DISTRIBUTION, ETC. (IMPRINT)
Place of publication, distribution, etc. Washington ;
Name of publisher, distributor, etc. American Psychological Association,
Date of publication, distribution, etc. July 2019.
300 ## - PHYSICAL DESCRIPTION
Extent volume 117, pages 166-185,
Other physical details illustration.
500 ## - GENERAL NOTE
General note Journal of Personality and Social Psychology vol. 117, no. 1, pages 166-185, July 2019.
700 ## - ADDED ENTRY--PERSONAL NAME
Personal name Pekrun, Reinhard.
Relator term author.
9 (RLIN) 59089
700 ## - ADDED ENTRY--PERSONAL NAME
Personal name Murayama, Kou.
Relator term author.
9 (RLIN) 59091
700 ## - ADDED ENTRY--PERSONAL NAME
Personal name Marsh, Herbert W.
Relator term author.
9 (RLIN) 59090
700 ## - ADDED ENTRY--PERSONAL NAME
Personal name Goetz, Thomas.
Relator term author.
9 (RLIN) 59092
700 ## - ADDED ENTRY--PERSONAL NAME
Personal name Frenzel, Anne C.
Relator term author.
9 (RLIN) 59093
942 ## - ADDED ENTRY ELEMENTS (KOHA)
Source of classification or shelving scheme Dewey Decimal Classification
Koha item type Periodicals
Holdings
Withdrawn status Lost status Source of classification or shelving scheme Damaged status Not for loan Collection code Home library Current library Date acquired Total Checkouts Date last seen Price effective from Koha item type Public note
    Dewey Decimal Classification     Periodicals UM Digos College - LIC UM Digos College - LIC 08/27/2024   08/27/2024 08/27/2024 Periodicals Periodical Article